<?xml version="1.0" encoding="UTF-8"?>
<record
    xmlns:xsi="http://www.w3.org/2001/XMLSchema-instance"
    xsi:schemaLocation="http://www.loc.gov/MARC21/slim http://www.loc.gov/standards/marcxml/schema/MARC21slim.xsd"
    xmlns="http://www.loc.gov/MARC21/slim">

  <leader>01017nam a2200229Ia 4500</leader>
  <controlfield tag="003">OSt</controlfield>
  <controlfield tag="005">20241004101528.0</controlfield>
  <controlfield tag="008">210719s2007    xx            000 0 und d</controlfield>
  <datafield tag="040" ind1=" " ind2=" ">
    <subfield code="c">AL</subfield>
  </datafield>
  <datafield tag="041" ind1=" " ind2=" ">
    <subfield code="a">Kannada</subfield>
  </datafield>
  <datafield tag="082" ind1=" " ind2=" ">
    <subfield code="a">K894.3 INDC</subfield>
  </datafield>
  <datafield tag="100" ind1=" " ind2=" ">
    <subfield code="a">INDIRA GOSVAMI</subfield>
    <subfield code="d">&#xC87;&#xC82;&#xCA6;&#xCBF;&#xCB0;&#xCBE; &#xC97;&#xCCB;&#xCB8;&#xCCD;&#xCB5;&#xCBE;&#xCAE;&#xCBF;</subfield>
    <subfield code="9">181323</subfield>
  </datafield>
  <datafield tag="245" ind1=" " ind2=" ">
    <subfield code="a">Chinnamasta: Jnana pita puraskaradinda sanmanitarada sahitiya bahucharchita kadambari </subfield>
    <subfield code="b">&#xC9A;&#xCBF;&#xCA8;&#xCCD;&#xCA8;&#xCAE;&#xCB8;&#xCCD;&#xCA4; &#xC9C;&#xCCD;&#xC9E;&#xCBE;&#xCA8; &#xCAA;&#xCC0;&#xCA0; &#xCAA;&#xCC1;&#xCB0;&#xCB8;&#xCCD;&#xC95;&#xCBE;&#xCB0;&#xCA6;&#xCBF;&#xC82;&#xCA6; &#xCB8;&#xCA8;&#xCCD;&#xCAE;&#xCBE;&#xCA8;&#xCBF;&#xCA4;&#xCB0;&#xCBE;&#xCA6; &#xCB8;&#xCBE;&#xCB9;&#xCBF;&#xCA4;&#xCBF;&#xCAF; &#xCAC;&#xCB9;&#xCC1;&#xC9A;&#xCB0;&#xCCD;&#xC9A;&#xCBF;&#xCA4; &#xC95;&#xCBE;&#xCA6;&#xC82;&#xCAC;&#xCB0;&#xCBF;</subfield>
  </datafield>
  <datafield tag="260" ind1=" " ind2=" ">
    <subfield code="a">Shivamogga</subfield>
    <subfield code="b">Ravindra Pustakalaya</subfield>
    <subfield code="c">2007</subfield>
  </datafield>
  <datafield tag="300" ind1=" " ind2=" ">
    <subfield code="a">vi-235</subfield>
    <subfield code="b">HB</subfield>
  </datafield>
  <datafield tag="365" ind1=" " ind2=" ">
    <subfield code="b">120</subfield>
    <subfield code="c">Rs</subfield>
  </datafield>
  <datafield tag="650" ind1=" " ind2=" ">
    <subfield code="a">Kannada Fiction</subfield>
    <subfield code="9">181324</subfield>
  </datafield>
  <datafield tag="650" ind1=" " ind2=" ">
    <subfield code="a">The Man from Chinnamasta</subfield>
    <subfield code="9">181326</subfield>
  </datafield>
  <datafield tag="700" ind1=" " ind2=" ">
    <subfield code="a">R P Hegade</subfield>
    <subfield code="d">&#xC85;&#xCB0;&#xCCD; &#xCAA;&#xCBF; &#xCB9;&#xCC6;&#xC97;&#xCA1;&#xCC6; tr</subfield>
    <subfield code="9">181325</subfield>
  </datafield>
  <datafield tag="906" ind1=" " ind2=" ">
    <subfield code="a">bahucharchita ; Chinnamasta ; Jnana ; kadambari ; pita ; puraskaradinda ; sahitiya ; sanmanitarada</subfield>
  </datafield>
  <datafield tag="942" ind1=" " ind2=" ">
    <subfield code="2">ddc</subfield>
    <subfield code="c">BK</subfield>
  </datafield>
  <datafield tag="999" ind1=" " ind2=" ">
    <subfield code="c">215032</subfield>
    <subfield code="d">215032</subfield>
  </datafield>
  <datafield tag="952" ind1=" " ind2=" ">
    <subfield code="0">0</subfield>
    <subfield code="1">0</subfield>
    <subfield code="4">0</subfield>
    <subfield code="7">0</subfield>
    <subfield code="8">Kannada</subfield>
    <subfield code="a">AL</subfield>
    <subfield code="b">AL</subfield>
    <subfield code="d">2009-06-09</subfield>
    <subfield code="e">General Annual</subfield>
    <subfield code="g">120.00</subfield>
    <subfield code="l">0</subfield>
    <subfield code="o">K894.3 INDC</subfield>
    <subfield code="p">D03648</subfield>
    <subfield code="r">2021-07-19 00:00:00</subfield>
    <subfield code="w">2021-07-19</subfield>
    <subfield code="y">DB</subfield>
  </datafield>
</record>
